Profesional valuation practice (Record no. 77247)

MARC details
000 -LEADER
fixed length control field 00836nam a2200181 a 4500
008 - FIXED-LENGTH DATA ELEMENTS--GENERAL INFORMATION
fixed length control field 120416s1997 ||||||||||||||||| || u
020 ## - INTERNATIONAL STANDARD BOOK NUMBER
International Standard Book Number 0074632876
050 ## - LIBRARY OF CONGRESS CALL NUMBER
Classification number HD 1387 Nai
100 ## - MAIN ENTRY--PERSONAL NAME
Personal name Nain, Ashok
245 10 - TITLE STATEMENT
Title Profesional valuation practice
260 ## - PUBLICATION, DISTRIBUTION, ETC.
Place of publication, distribution, etc. New Delhi
Name of publisher, distributor, etc. Tata McGraw-Hill
Date of publication, distribution, etc. 1997
350 ## -
-- 0.00
650 ## - SUBJECT ADDED ENTRY--TOPICAL TERM
Topical term or geographic name entry element PROPERTY VALUATION
650 ## - SUBJECT ADDED ENTRY--TOPICAL TERM
Topical term or geographic name entry element REAL PROPERTY
995 ## -
-- BINDERY (DAMAGED)
-- 0.00
-- 732993
-- CBU-MAIN LIBRARY (Kitwe)
-- 2
-- 40.00
-- HD 1387 Nai
-- 2
-- DAMAGED
-- 029756
-- Main Library Open Access Collection
995 ## -
-- BINDERY (DAMAGED)
-- 0.00
-- 732991
-- CBU-MAIN LIBRARY (Kitwe)
-- 1
-- 40.00
-- HD 1387 Nai
-- 1
-- DAMAGED
-- 029755
-- Main Library Open Access Collection
995 ## -
-- BINDERY (DAMAGED)
-- 0.00
-- 732993
-- CBU-MAIN LIBRARY (Kitwe)
-- 3
-- 40.00
-- HD 1387 Nai
-- 3
-- DAMAGED
-- 029754
-- Main Library Open Access Collection
999 ## -
-- 77247
-- 77247
Holdings
Withdrawn status Lost status Source of classification or shelving scheme Damaged status Not for loan Permanent Location Current Location Shelving location Date acquired Total Checkouts Full call number Barcode Date last seen Copy number Price effective from Koha item type
          CBU-MAIN LIBRARY, KITWE. CBU-MAIN LIBRARY, KITWE.   04/25/2023   HD 1387 Nai 029756 04/25/2023 1 04/25/2023 MONOGRAPH
          CBU-MAIN LIBRARY, KITWE. CBU-MAIN LIBRARY, KITWE.   04/25/2023   HD 1387 Nai 029755 04/25/2023 2 04/25/2023 MONOGRAPH
          CBU-MAIN LIBRARY, KITWE. CBU-MAIN LIBRARY, KITWE.   04/25/2023   HD 1387 Nai 029754 04/25/2023 3 04/25/2023 MONOGRAPH